Strategies and styles of conflict resolution utilized by nurse leaders in military, public and private hospitals in Cairo = (رقم التسجيلة. 70251)
[ عرض عادي ]
| 000 -LEADER | |
|---|---|
| fixed length control field | 01481cam a2200289 a 4500 |
| 003 - CONTROL NUMBER IDENTIFIER | |
| control field | EG-GiCUC |
| 005 - DATE AND TIME OF LATEST TRANSACTION | |
| control field | 20250223032208.0 |
| 008 - FIXED-LENGTH DATA ELEMENTS--GENERAL INFORMATION | |
| fixed length control field | 190217s1997 ua f m 000 0 eng d |
| 040 ## - CATALOGING SOURCE | |
| Original cataloging agency | EG-GiCUC |
| Language of cataloging | eng |
| Transcribing agency | EG-GiCUC |
| 041 0# - LANGUAGE CODE | |
| Language code of text/sound track or separate title | eng |
| 049 ## - LOCAL HOLDINGS (OCLC) | |
| Holding library | Deposite |
| 097 ## - Thesis Degree | |
| Thesis Level | Ph.D |
| 099 ## - LOCAL FREE-TEXT CALL NUMBER (OCLC) | |
| Classification number | Cai01.17.04.Ph.D.1997.Sa.S |
| 100 0# - MAIN ENTRY--PERSONAL NAME | |
| Personal name | Samia Ibrahim Mohamed Atia |
| 245 10 - TITLE STATEMENT | |
| Title | Strategies and styles of conflict resolution utilized by nurse leaders in military, public and private hospitals in Cairo = |
| Remainder of title | الطرق و الانماط التى تستخدمها قيادات التمريض فى حل الصراع فى المستشفيات العسكرية و العامة و الخاصة بالقاهرة / |
| Statement of responsibility, etc. | Samia Ibrahim Mohamed Atia ; Supervised Cheherazade Chazi , Aisha Awad , Nehad Ezz Eldin Fikry |
| 246 15 - VARYING FORM OF TITLE | |
| Title proper/short title | الطرق و الانماط التى تستخدمها قيادات التمريض فى حل الصراع فى المستشفيات العسكرية و العامة و الخاصة بالقاهرة |
| 260 ## - PUBLICATION, DISTRIBUTION, ETC. | |
| Place of publication, distribution, etc. | Cairo : |
| Name of publisher, distributor, etc. | Samia Ibrahim Mohamed Atia , |
| Date of publication, distribution, etc. | 1997 |
| 300 ## - PHYSICAL DESCRIPTION | |
| Extent | 187 Leaves ; |
| Dimensions | 30cm |
| 502 ## - DISSERTATION NOTE | |
| Dissertation note | Thesis (Ph.D.) - Cairo University - Faculty of Nursing - Department of Nursing Science |
| 700 0# - ADDED ENTRY--PERSONAL NAME | |
| Personal name | Aisha Awad , |
| Relator term | |
| 700 0# - ADDED ENTRY--PERSONAL NAME | |
| Personal name | Cheherazade Chazi , |
| Relator term | |
| 700 0# - ADDED ENTRY--PERSONAL NAME | |
| Personal name | Nehad Ezz Eldin Fikry , |
| Relator term | |
| 856 ## - ELECTRONIC LOCATION AND ACCESS | |
| Uniform Resource Identifier | <a href="http://172.23.153.220/th.pdf">http://172.23.153.220/th.pdf</a> |
| 905 ## - LOCAL DATA ELEMENT E, LDE (RLIN) | |
| Cataloger | Nazla |
| Reviser | Revisor |
| 905 ## - LOCAL DATA ELEMENT E, LDE (RLIN) | |
| Cataloger | Samia |
| Reviser | Cataloger |
| 942 ## - ADDED ENTRY ELEMENTS (KOHA) | |
| Source of classification or shelving scheme | Dewey Decimal Classification |
| Koha item type | Thesis |
| Source of classification or shelving scheme | Not for loan | Home library | Current library | Date acquired | Full call number | Barcode | Date last seen | Koha item type |
|---|---|---|---|---|---|---|---|---|
| Dewey Decimal Classification | المكتبة المركزبة الجديدة - جامعة القاهرة | قاعة الرسائل الجامعية - الدور الاول | 11.02.2024 | Cai01.17.04.Ph.D.1997.Sa.S | 01010110030901000 | 22.09.2023 | Thesis |